Представление документа в формате MARC21

Поле Инд. ПП Название Значение
Тип записи a
Библиографический уровень m
001 Контрольный номер 330bf708d09144899847efbd6e35cf5d
005 Дата корректировки 20250822092608.2
008 Кодируемые данные 071016
020 a ISBN 0-7425-2644-5
c Цена, тираж 1561.78
040 a Служба первич. каталог. НБ ТвГУ
041 0_ a Код языка текста eng
080 a Индекс УДК 323(470)
084 a Индекс другой классификации/Индекс ББК Ф3(2Рос),12
090 x Авторский знак D98
a Полочн. индекс Ф3(2Рос)
245 14 a Заглавие The dynamics of Russian politics
n Номер части/ раздела Vol. 1
b Продолж. заглавия Putin's reform of federal-regional relations
c Ответственность ed. by Peter Reddaway and Robert W. Orttung
260 0_ a Место издания Lanham [etc.]
b Издательство Rowman & Littlefield
c Дата издания 2004
300 a Объем X, 332 p.
b Иллюстрации/ тип воспроизводства ill., [1] p. of maps
500 a Примечание НАСТОЯЩИЙ МАТЕРИАЛ (ИНФОРМАЦИЯ) ПРОИЗВЕДЕН, РАСПРОСТРАНЕН И (ИЛИ) НАПРАВЛЕН ИНОСТРАННЫМ АГЕНТОМ, ЯВЛЯЮЩИМСЯ УЧРЕДИТЕЛЕМ (ЧЛЕНОМ, УЧАСТНИКОМ, РУКОВОДИТЕЛЕМ ИЛИ ЛИЦОМ, ВХОДЯЩИМ В СОСТАВ ОРГАНА ЛИЦ УКАЗАНЫХ В ЧАСТИ 4 СТАТЬИ 9 ФЕДЕРАЛЬНОГО ЗАКОНА «О КОНТРОЛЕ ЗА ДЕЯТЕЛЬНОСТЬЮ ЛИЦ, НАХОДЯЩИХСЯ ПОД ИНОСТРАННЫМ ВЛИЯНИЕМ») ВКЛЮЧЕННОГО В РЕЕСТР ИНОСТРАННЫХ АГЕНТОВ
504 a Библиография Includes bibliogr. ref. - Ind.: p. 311-327.
583 a Действие Получение впервые 270 26.10.2007
k Исполнитель действия Дар Оксфордско-Российского Фонда
653 0_ a Ключевые слова Внутренняя политика России
a Ключевые слова Государственная власть
a Ключевые слова Управление
a Ключевые слова Федеральное управление
a Ключевые слова Региональное управление
a Ключевые слова Федерально-региональные отношения
a Ключевые слова Оксфордско-Российский фонд
700 1_ a Другие авторы Reddaway Peter
e Роль лиц ed.
700 1_ a Другие авторы Orttung Robert W.
e Роль лиц ed.
852 41 t Порядковый номер экземпляра 1
p Инвентарный номер 887143
863 t 00176806
888 a Бесплатные
930 a Новая/Ретро иностр
a Новая/Ретро англ
952 p 270.2007 1561.78 1 887143
c Вид литературы К ин
954 a Дата поступления на обработку 20080219
999 a Подразделение 2 ч.з.